00000000nam##2200000za#4500
0019.625193
003CaOODSP
00520200706134919
007ta
008150406|1999||||xxc|||||     f|0| 0 fre|d
020 |a0-660-96275-6
022 |a1200-5231
040 |aCaOODSP|bfre
043 |an-cn---
0861 |aCS11-0019/127F
24500|aComprendre le processus d'innovation : |bl'innovation dans les industries de services dynamiques / |cpar Guy Gellatly et Valerie Peters.
260 |aOttawa - Ontario : |bStatistique Canada. |c1999.
300 |avii, 23p. : |bréférences, tableaux ; |c28 cm.
4901 |aDocuments de recherche|x1200-5231|v127
500 |a«Le présent documents est consacré à un examen approfondi des principales conclusions qui se dégagent de l'Enquête sur les innovations de 1996.»--Résumés.
563 |aCouverture souple
590 |a00-04|b2000-01-28
69107|aInnovation|2gcpds
69107|aIndustrie|2gcpds
69107|aCompétitivité|2gcpds
7102 |aStatistique Canada. |bDirection des études analytiques.
7201 |aGellatly, Guy
7201 |aPeters, Valerie
77508|tUnderstanding the innovation process : |w(CaOODSP)9.615030
7760#|tComprendre le processus d'innovation : |w(CaOODSP)9.604371
830#0|aDocuments de recherche,|x1200-5231|v127|w(CaOODSP)9.512877